[Event "21st ch-EUR Indiv w 2021"]
[Site "Iasi ROU"]
[Date "2021.08.20"]
[Round "11.49"]
[White "Zeliantsova, Kseniya"]
[Black "Nilssen, Ellen Fredericia"]
[Result "0-1"]
[WhiteTitle "WFM"]
[BlackTitle "WFM"]
[WhiteElo "1970"]
[BlackElo "2081"]
[WhiteFideId "13512617"]
[BlackFideId "1441230"]
[EventDate "2021.08.09"]

1. e4 e6 2. d4 d5 3. Nc3 Bb4 4. Ne2 Nf6 5. e5 Nfd7 6. a3 Bf8 7. Nf4 c5 8. Bb5 a6
9. Bxd7+ Bxd7 10. O-O cxd4 11. Qxd4 Nc6 12. Qd1 Bc5 13. Nh5 Rg8 14. Bf4 Qe7 15.
Qd2 Qh4 16. b4 Ba7 17. Qd1 Bd4 18. b5 Bxc3 19. bxc6 Bxc6 20. Rb1 Bb5 21. Bg3 Qc4
22. Qf3 Rc8 23. Rfd1 Qe2 24. Nf4 Qxf3 25. gxf3 Bxe5 26. a4 Bc6 27. Kg2 Bxf4 28.
Bxf4 g5 29. Be5 Ke7 30. a5 f6 31. Bd4 e5 32. Bc5+ Ke6 33. Rd2 g4 34. Kg3 gxf3+
35. Kxf3 d4+ 36. Ke2 Bb5+ 0-1

[Event "21st ch-EUR Indiv w 2021"]
[Site "Iasi ROU"]
[Date "2021.08.20"]
[Round "11.50"]
[White "Babayeva, Nasrin"]
[Black "Nastase, Andreea-Cristina"]
[Result "1/2-1/2"]
[BlackTitle "WFM"]
[WhiteElo "1889"]
[BlackElo "2074"]
[WhiteFideId "13416626"]
[BlackFideId "1221183"]
[EventDate "2021.08.09"]

1. c4 Nf6 2. g3 c6 3. Bg2 d5 4. Nf3 dxc4 5. Na3 b5 6. Ne5 Qb6 7. d3 cxd3 8. Qxd3
e6 9. Nxb5 Bb4+ 10. Nc3 Ba6 11. Qf3 O-O 12. O-O Nd5 13. Rd1 Bd6 14. Nd3 Nd7 15.
e4 Nxc3 16. bxc3 Ne5 17. Nxe5 Bxe5 18. Be3 c5 19. Qh5 Bxc3 20. Rab1 Qa5 21. Qxc5
Rfd8 22. Rxd8+ Rxd8 23. Qxa5 Bxa5 24. Bxa7 f6 25. Rb8 Bc8 26. Bf1 Kf7 27. a4 e5
28. Bc4+ Kg6 29. Bd5 Bd7 30. Rxd8 Bxd8 31. Bb3 Bc6 32. f3 f5 33. Bc2 Kf6 34. Kf2
g6 35. Ke2 Bb7 36. Bd3 Ba5 37. Ke3 h5 38. f4 exf4+ 39. gxf4 fxe4 40. Bxe4 Bc8
41. Bd4+ Kf7 42. Bd5+ Ke7 43. Kd3 Bd7 44. Bc5+ Kf6 45. Bb3 Kf5 46. Bd6 Kg4 47.
Kd4 Bb6+ 48. Ke5 Bg1 49. Bd1+ Kh4 50. Kf6 Bf5 51. a5 Bxh2 52. a6 Bg1 53. Bb8
Bd4+ 54. Be5 Ba7 55. Be2 Be4 56. Bc4 Kg4 57. Bf7 Bd3 58. Bxg6 Bxa6 59. Bf5+ Kf3
60. Kg5 Be3 1/2-1/2

[Event "21st ch-EUR Indiv w 2021"]
[Site "Iasi ROU"]
[Date "2021.08.20"]
[Round "11.51"]
[White "Sankova, Stella"]
[Black "Matasaru, Stephanie"]
[Result "0-1"]
[WhiteTitle "WFM"]
[WhiteElo "2100"]
[BlackElo "1741"]
[WhiteFideId "14944200"]
[BlackFideId "1242040"]
[EventDate "2021.08.09"]

1. e4 c5 2. Nc3 g6 3. f4 Bg7 4. Nf3 Nc6 5. Bb5 Nd4 6. a4 e6 7. O-O Ne7 8. Nxd4
cxd4 9. Ne2 a6 10. Bd3 d5 11. e5 Nc6 12. c3 Qb6 13. Kh1 O-O 14. Qe1 f6 15. a5
Nxa5 16. Nxd4 fxe5 17. fxe5 Bd7 18. Rf3 Nc6 19. Nxc6 Bxc6 20. Rh3 Qf2 21. Qxf2
Rxf2 22. b4 d4 23. b5 Raf8 24. Ba3 Bxg2+ 25. Kg1 Bxh3 26. Bxf8 Rxf8 27. bxa6
bxa6 28. cxd4 Rd8 29. Bc4 Rxd4 30. d3 Bxe5 31. Rxa6 Kf7 32. Ra7+ Kf6 33. Rxh7
Bf5 34. Kf2 Bxd3 0-1

[Event "21st ch-EUR Indiv w 2021"]
[Site "Iasi ROU"]
[Date "2021.08.20"]
[Round "11.52"]
[White "Bashylina, Luisa"]
[Black "Trippold, Denise"]
[Result "1/2-1/2"]
[WhiteTitle "WCM"]
[BlackTitle "WFM"]
[WhiteElo "1992"]
[BlackElo "2098"]
[WhiteFideId "12983292"]
[BlackFideId "1625594"]
[EventDate "2021.08.09"]

1. d4 Nf6 2. c4 e6 3. Nf3 d5 4. cxd5 exd5 5. Bg5 c6 6. e3 Bf5 7. Nc3 Nbd7 8. Qb3
Qb6 9. Qxb6 axb6 10. Nh4 Be6 11. Bd3 g6 12. f4 Ne4 13. Bxe4 dxe4 14. Nxe4 Bb4+
15. Kf2 f5 16. Nf6+ Nxf6 17. Bxf6 O-O 18. Be5 Rxa2 19. Rxa2 Bxa2 20. Ra1 Ra8 21.
Bc7 b5 22. Nf3 Ra4 23. Ne5 Bd5 24. Rxa4 bxa4 25. Nd3 a3 26. bxa3 Bxa3 27. Bb6
Be6 28. Ne5 Bd6 29. Ke2 Kg7 30. g3 Kf6 31. Kd3 h6 32. Bd8+ Kg7 33. h4 Bd5 34.
Bb6 Be4+ 35. Kc3 Bd5 36. Kd3 Be7 37. Nd7 Bb4 38. Ke2 Bc4+ 39. Kf2 Be6 40. Ne5
Kf6 41. Bd8+ Kg7 42. Ke2 Bd5 43. Bb6 Be7 44. Nd7 g5 45. hxg5 hxg5 46. Nc5 Bc4+
47. Kd2 Bxc5 1/2-1/2

[Event "21st ch-EUR Indiv w 2021"]
[Site "Iasi ROU"]
[Date "2021.08.20"]
[Round "11.53"]
[White "Maria, Lia-Alexandra"]
[Black "Schloffer, Jasmin-Denise"]
[Result "1/2-1/2"]
[WhiteTitle "WCM"]
[BlackTitle "WFM"]
[WhiteElo "1837"]
[BlackElo "2070"]
[WhiteFideId "1248952"]
[BlackFideId "1631209"]
[EventDate "2021.08.09"]

1. e4 e5 2. Nf3 Nc6 3. Bb5 a6 4. Ba4 Nf6 5. d3 Bc5 6. O-O d6 7. c3 O-O 8. d4
exd4 9. cxd4 Ba7 10. d5 Ne7 11. Nc3 Ng6 12. h3 h6 13. Re1 Nh5 14. Ne2 Qf6 15.
Ned4 Ngf4 16. Kh2 Nxh3 17. Be3 N3f4 18. Bc2 Bg4 19. Nf5 Bxe3 20. Nxe3 Bd7 21. g4
g5 22. gxh5 Nxh5 23. Nf5 Nf4 24. Qd4 Qxd4 25. N3xd4 h5 26. Rg1 f6 27. Rae1 Rae8
28. Re3 Kf7 29. Rc3 Rc8 30. Rb3 Rb8 31. Rc3 Rbc8 32. Rb3 Rb8 33. Rc3 1/2-1/2

[Event "21st ch-EUR Indiv w 2021"]
[Site "Iasi ROU"]
[Date "2021.08.20"]
[Round "11.54"]
[White "Zelbova, Lada"]
[Black "Petrenko, Svetlana"]
[Result "0-1"]
[BlackTitle "IM"]
[WhiteElo "2070"]
[BlackElo "2018"]
[WhiteFideId "23717882"]
[BlackFideId "13900196"]
[EventDate "2021.08.09"]

1. e4 d6 2. d4 Nf6 3. Nc3 c6 4. a4 g6 5. Bc4 Bg7 6. Nf3 d5 7. Bd3 dxe4 8. Nxe4
Nxe4 9. Bxe4 O-O 10. O-O Be6 11. Re1 Na6 12. Bg5 Nc7 13. Qd2 Re8 14. Qb4 Rb8 15.
Bf4 Na6 16. Qd2 Rc8 17. Bd3 Bd5 18. Ng5 f6 19. Ne4 Qd7 20. Qe2 f5 21. Nc3 Nb4
22. Bc4 Bxd4 23. Nxd5 cxd5 24. Bb3 Bxb2 25. Rad1 Bc3 26. Bd2 e6 27. Qe3 Bxd2 28.
Qxd2 a5 29. c4 Qd6 30. g3 Red8 31. cxd5 exd5 32. Qd4 Re8 33. Rxe8+ Rxe8 34.
Bxd5+ Qxd5 35. Qxd5+ Nxd5 36. Rxd5 Re1+ 37. Kg2 b6 38. Rb5 Re6 39. h4 Kf7 40. h5
Kf6 41. hxg6 hxg6 42. Kf3 Ke7 43. g4 fxg4+ 44. Kxg4 Re4+ 45. Kf3 Re6 46. Kg4 Kd7
47. f4 Kc7 48. Kf3 Re1 49. Rg5 Ra1 50. Rxg6 Rxa4 51. f5 Rb4 52. Re6 Rb1 53. Kf2
Rb5 54. f6 Kd7 55. Re7+ Kd6 56. Ke2 Rf5 57. Rb7 Kc6 58. Rf7 Kb5 59. Kd3 a4 60.
Kc3 Rf3+ 61. Kc2 Kb4 62. Rf8 Rf2+ 63. Kd3 a3 64. Ke3 Rf1 65. Ra8 Rxf6 66. Kd2
Kb3 67. Ra6 Kb2 68. Ra4 Rd6+ 0-1

[Event "21st ch-EUR Indiv w 2021"]
[Site "Iasi ROU"]
[Date "2021.08.20"]
[Round "11.55"]
[White "Von Herman, Brigitte"]
[Black "Trifoi, Mihaela-Ioana"]
[Result "1/2-1/2"]
[WhiteTitle "WFM"]
[WhiteElo "1991"]
[BlackElo "1807"]
[WhiteFideId "4628730"]
[BlackFideId "1246364"]
[EventDate "2021.08.09"]

1. e4 c6 2. d4 d5 3. exd5 cxd5 4. Bd3 Nf6 5. h3 Nc6 6. c3 Qc7 7. Nf3 g6 8. O-O
Bf5 9. Be2 Bg7 10. Be3 O-O 11. Nbd2 a6 12. Re1 b5 13. Nb3 Ne4 14. Nfd2 b4 15.
Nxe4 Bxe4 16. Nc5 bxc3 17. bxc3 Bf5 18. Nxa6 Qa5 19. Qd2 Rxa6 20. Bxa6 Qxa6 21.
Bf4 e6 22. Rad1 f6 23. g4 Be4 24. c4 Qxc4 25. Rc1 Qa4 26. Be3 Nb4 27. Rc7 g5 28.
Rec1 Nxa2 29. Ra1 Ra8 30. Rb7 Bc2 31. Rc7 Bg6 32. Rb7 Bc2 33. Rc7 Bg6 34. Rb7
Bc2 1/2-1/2

[Event "21st ch-EUR Indiv w 2021"]
[Site "Iasi ROU"]
[Date "2021.08.20"]
[Round "11.56"]
[White "Pancu, Aureliana-Eugenia"]
[Black "Mirza, Diana"]
[Result "1-0"]
[BlackTitle "WFM"]
[WhiteElo "1862"]
[BlackElo "1933"]
[WhiteFideId "1226355"]
[BlackFideId "2503999"]
[EventDate "2021.08.09"]

1. d4 Nf6 2. c4 g6 3. Nf3 Bg7 4. e3 O-O 5. Bd3 d6 6. O-O Nbd7 7. Nc3 e5 8. dxe5
dxe5 9. e4 Nh5 10. Bg5 f6 11. Be3 Nf4 12. Bc2 Kh8 13. Qd2 Nb6 14. Bxf4 exf4 15.
Qxf4 Nxc4 16. Rad1 Bd7 17. Bb3 Nb6 18. a4 a5 19. Nb5 Rc8 20. Rd2 Qe7 21. Na7
Nxa4 22. Nxc8 Rxc8 23. Bxa4 Bxa4 24. e5 Bb5 25. exf6 Bxf6 26. Re1 Qg7 27. Red1
Rf8 28. Nd4 Be5 29. Qg4 Bd7 30. Qe2 Re8 31. Qd3 Bg4 32. Nf3 Bxb2 33. Qb5 1-0

[Event "21st ch-EUR Indiv w 2021"]
[Site "Iasi ROU"]
[Date "2021.08.20"]
[Round "11.57"]
[White "Pirvan, Maria"]
[Black "Babineca, Darja"]
[Result "1/2-1/2"]
[WhiteElo "1628"]
[BlackElo "1756"]
[WhiteFideId "1262629"]
[BlackFideId "1337440"]
[EventDate "2021.08.09"]

1. e4 c5 2. Nf3 d6 3. d4 cxd4 4. Nxd4 Nf6 5. Nc3 a6 6. Bg5 e6 7. f4 Be7 8. Qf3
Qc7 9. O-O-O Nbd7 10. g4 h6 11. Bxf6 Bxf6 12. h4 Nb6 13. g5 Bxd4 14. Rxd4 Bd7
15. Qd1 O-O-O 16. Bh3 hxg5 17. fxg5 Rxh4 18. Rxd6 Nc4 19. Rd3 Qf4+ 20. Kb1 Qxg5
21. Rg1 Qf6 22. Qe2 Ne5 23. Rdg3 Bc6 24. Bf1 g6 25. Qe3 Qf4 26. Qc5 Qd2 27. b4
Rh2 28. Na4 Nd7 29. Qc4 Kb8 30. Nc5 Bb5 31. Qb3 Nxc5 32. bxc5 Qd1+ 33. Kb2 Bxf1
34. c6 Qd4+ 35. Rc3 Bb5 36. c7+ Ka7 37. cxd8=Q Qxd8 38. a4 Qd4 39. Ra1 Bc6 40.
a5 Rf2 41. Rd1 Qxd1 42. Qb6+ Kb8 43. Qxf2 Qd7 44. Rh3 Qe7 45. Rh8+ Be8 46. Qd4
f5 47. e5 Kc8 48. c3 Qd7 49. Qc5+ Kd8 50. Qb6+ Kc8 51. Qc5+ Kd8 52. Qb6+ Kc8 53.
Qc5+ Kb8 54. Qd6+ Ka7 55. Qxd7 Bxd7 56. Rg8 Bc6 57. Rxg6 Bd5 58. Rf6 Kb8 59. Ka3
Kc7 60. Kb4 Kd7 61. Kc5 Bc6 62. c4 Ke7 63. Kb6 Bf3 64. Kc5 Be2 65. Kd4 Bh5 66.
Ke3 Be8 67. Kd4 Bd7 68. Ke3 Bc8 69. Rh6 Kd7 70. Kd4 Kc6 71. Rg6 b6 72. axb6 Kxb6
73. Rg8 Kc7 74. Kc5 a5 75. Kb5 Bd7+ 76. Kxa5 Kc6 77. Kb4 Kb6 78. c5+ Kc7 79. Kc4
Bc8 80. Rg1 Ba6+ 81. Kd4 Kc6 82. Rg6 Bc8 83. Rg7 Bd7 84. Re7 Bc8 85. Rh7 Bb7 1/2-1/2

[Event "21st ch-EUR Indiv w 2021"]
[Site "Iasi ROU"]
[Date "2021.08.20"]
[Round "11.58"]
[White "Paraschiv, Petronela-Alexandra"]
[Black "Andries, Alexia"]
[Result "1-0"]
[WhiteElo "1979"]
[BlackElo "1420"]
[WhiteFideId "1233696"]
[BlackFideId "1267272"]
[EventDate "2021.08.09"]

1. c4 c5 2. Nc3 Nc6 3. g3 g6 4. Bg2 Bg7 5. Rb1 e6 6. e4 Nge7 7. d3 d6 8. Nge2
O-O 9. O-O Qc7 10. a3 f5 11. f4 b6 12. Be3 Bb7 13. d4 cxd4 14. Nxd4 Nxd4 15.
Bxd4 e5 16. Nb5 Qb8 17. Be3 Rd8 18. Qc2 Bxe4 19. Bxe4 fxe4 20. Rbd1 Kh8 21. Qxe4
Nf5 22. Bc1 a6 23. Nc3 Nd4 24. Ne2 Qc7 25. Nxd4 exd4 26. b3 Qc5 27. f5 Re8 28.
Qd3 gxf5 29. Rxf5 Qc6 30. Rf4 Qc5 31. Rh4 h5 32. b4 Qe5 33. Bf4 Qe2 34. Qxe2
Rxe2 35. Rxh5+ Kg8 36. Rd2 Rxd2 37. Bxd2 Re8 38. Kf1 Be5 39. Rf5 Kg7 40. Rf3 Rc8
41. h4 Rxc4 42. h5 Rc8 43. g4 Rh8 44. Ke2 b5 45. Rf5 Re8 46. Kd3 Rc8 47. g5 Rc7
48. Rf1 Bh2 49. Kxd4 Rc2 50. Bc1 Ra2 51. Kd5 Be5 52. Ke6 Rh2 53. Rf7+ Kg8 54. h6
Rh1 55. Bf4 Rg1 56. h7+ Kh8 57. Bxe5+ dxe5 58. Kf6 Rf1+ 59. Kg6 Rxf7 60. Kxf7 e4
61. g6 e3 62. g7+ 1-0